000 00498nam a2200193Ia 4500
005 20240823032518.0
008 240823s9999||||xx |||||||||||||| ||und||
020 _a978-81-259094-6-0
041 _aENGLISH
082 _A658.800954 P9
100 _aNeelamegham S
245 0 _aMarketing in India : Cases and Readings
250 _a3rd
260 _c2009
_b"Vikas Pub.,New "
_aNew Delhi
500 _aYES
650 _amarketing in India
_bManagement Studies
942 _cBK
999 _c193609
_d193609